| 000 | 00865cam a22002893a 4500 | ||
|---|---|---|---|
| 001 | 8694 | ||
| 003 | PGUSA | ||
| 005 | 20140828083204.0 | ||
| 008 | 050801s2005||||xxu|||||s|||||000 1 eng d | ||
| 040 |
_aPGUSA _beng |
||
| 042 | _adc | ||
| 050 | 4 | _aPS | |
| 100 | 1 |
_aAlcott, Louisa May, _d1832-1888 |
|
| 245 | 1 | 4 |
_aThe Abbot's Ghost, or Maurice Treherne's Temptation : _bA Christmas Story _h[electronic resource] / _cLouisa May Alcott |
| 260 |
_bProject Gutenberg, _c2005 |
||
| 506 | _aPublic domain in the USA. | ||
| 516 | _aElectronic text | ||
| 653 | _aGhost stories | ||
| 653 | _aYoung men -- Fiction | ||
| 653 | _aInheritance and succession -- Fiction | ||
| 653 | _aLove stories | ||
| 653 | _aChristmas stories | ||
| 653 | _aForgers -- Fiction | ||
| 830 | 0 |
_aProject Gutenberg _v8694 |
|
| 856 | 4 | 0 | _uhttp://www.gutenberg.org/ebooks/8694 |
| 942 | _cEB | ||
| 999 |
_c237994 _d237994 |
||